| 000 | 00578nam a2200217Ia 4500 | ||
|---|---|---|---|
| 003 | IT-RoPAU | ||
| 008 | 120407s9999 xx 000 0 und d | ||
| 040 | _aIT-RoPAU | ||
| 040 | _cIT-RoPAU | ||
| 041 | _aeng | ||
| 100 | _aJoseph P. Ekarika | ||
| 245 | _aMaidenhood. Boudoir mysteries in traditional puberty initiations. An African preparation for a chaste Christian Wedlock. A new Challenge to modern Juveniles. | ||
| 250 | _aRoma | ||
| 260 | _aCittà Nuova | ||
| 260 | _c1984 | ||
| 300 | _a216 p. | ||
| 300 | _c21 cm | ||
| 490 | _v1 | ||
| 942 | _cBK | ||
| 999 |
_c29047 _d29047 |
||